=LDR 00000nam 2200000 4500 =001 INLIS000000000005657 =005 20130612093859 =008 ***********************************Ind** =035 ##$$0010-061300000005657 =041 ##$$a Ind =082 ##$$a 294.54 =090 ##$$a 294.54, Put b =100 ##$$a Putra, I.B. Rai =245 ##$$a Babad Arya Kutawaringin, I.B. Rai Putra =260 ##$$a 1997 $b Denpasar =300 ##$$a iv, 60 hlm., 21 cm =650 ##$$a Hinduisme